History Quiz

Random History or Decade Quiz

From the 1920s Quiz Stats

Quiz Updated Jan 31, 2012

Challenge
Share
Tweet
Embed
Score 0/20 Timer 07:00
1 Play Today
Hint Answer % Correct
The color associated with the week of the Stock Market Crash of 1929Black
92.9%
This Egyptian's tomb was discovered intact in 1922King Tut
91%
This dance named after a city in South Carolina became popular in 1923Charleston
78.5%
Nickname for films that incorporated spoken dialogueTalkies
75.6%
The African-American 'Renaissance' of cultural and intellectual life occurred in this US neighbourhood in the 1920sHarlem
71.8%
Term for the 'new breed' of young woman who flaunted their disdain for what was then considered acceptable behaviourFlapper
70.5%
Iconic jazz trumpeter nicknamed 'Satchmo' who came to prominence in the 1920sLouis Armstrong
66.8%
He flew the first solo transatlantic flight, from New York to ParisCharles Lindbergh
65.7%
This man became the leader of the world's first fascist governmentBenito Mussolini
64.8%
Prohibition occurred in the U.S. for the entire decade thanks to this amendmentThe Eighteenth Amendment
64.3%
Hint Answer % Correct
This composer wrote Rhapsody in Blue in 1924George Gershwin
60.1%
This art movement associated with DalĂ­ began in the early 1920sSurrealism
54.3%
The Scopes Monkey Trial took place in this U.S. State in 1925Tennessee
47.8%
'Musical' nickname of the 1920sJazz Age
24.1%
He was the regent of Ethiopia during the entire decadeHaile Selassie
20.9%
The name Gertrude Stein gave to the group of American expatriate writers and artists living in Europe during the decadeThe Lost Generation
18.3%
This black nationalist leader was deported by the U.S. back to Jamaica in 1927Marcus Garvey
15.9%
The British government unilaterally ended its protectorate over this countryEgypt
12.4%
He was the MLB player with the most Home Runs, RBIs, and highest batting average in the National League over the course of the decadeRogers Hornsby
10.1%
He was the Pope for most of the decade, beginning in February 1922Pope Pius XI
9.1%

You're not logged in!

Compare scores with friends on all Sporcle quizzes.
Sign Up with Email
OR
Log In

You Might Also Like...

Show Comments

Extras

Top Quizzes Today


Score Distribution

Your Account Isn't Verified!

In order to create a playlist on Sporcle, you need to verify the email address you used during registration. Go to your Sporcle Settings to finish the process.

Report this User

Report this user for behavior that violates our Community Guidelines.

Details: